000 00560nam a2200217 a 4500
001 1255
003 CO-ViMGA
008 141112s2004 ck r 000 u spa d
040 _aCO-ViMGA
_bspa
_cCO-ViMGA
082 0 4 _a891.43 K465
245 1 0 _aRudyard Kipling 1907
250 _a15.
260 _aBarcelona :
_bPlaneta,
_c1991
300 _a821 p
490 _aObras selectas de premio nobel
650 1 4 _aAcciones y reacciones
_949411
650 1 4 _aEn tinieblas
_949412
650 1 4 _aMuchas fantasias
_949413
650 1 4 _aNOVELA HINDU
942 _2ddc
_cBK
999 _c13475
_d13475